000 00276nam a2200109Ia 4500
008 230907s9999||||xx |||||||||||||| ||und||
082 _a361.06
_bHOU
245 0 _aCounselling skills and theory /
260 _aHodder Education,
_bOxon :
_c2014
300 _a348 p.
942 _cBK
999 _c600932
_d600932